000 00798nam a22002295i 4500
001 167778
003 ES-MaACL
005 20250717063050.0
008 050927s1824 fr | |||||||| ||fre d
040 _aCAM
_bspa
_cCAM
100 0 _aVoltaire,
_d1694-1778
_9115721
245 1 0 _aHistoire du Parlement /
_cVoltaire.
260 _aParis :
_bP. Dupont, libraire-éditeur,
_c1824 (
_fImprimerie de Gaultier-Laguionie)
300 _a572 p. ;
_c21 cm.
490 1 _aOeuvres complètes de Voltaire ;
_v25
650 4 _aParlamento-
_xHistoria-
_zFrancia.
_9136657
700 1 _aDupont, Paul,
_eed.
_946109
700 1 _aGaultier-Laguionie,
_eimp.
_9127263
830 0 _aOeuvres complètes de Voltaire ;
_v25
_9188721
852 _aES-MaACL
_jF-7545
_z-- Enc. hol.
999 _c167778
_d167778